000
00208 a2200097 4500
001
7998
100
_a
Ikle, F C
245
_a
Social impact of bomb destruction
260
_a
_b
Norman
_c
090
_c
6407
_d
6407
942
_a
NUST-CAE
_c
M
_c
32942
999
_c
243071
_d
243071